Southville International School and Colleges
Your cart is empty.
  • Cart
  • Lists
    Public lists list_1 View all
    Your lists Log in to create your own lists
  • Log in to your account
  • Your cookies
  • Search history
Southville International School and Colleges
  • Advanced search
  • Recent comments
  • Most popular
  • Libraries

Log in to your account

Log in with GOOGLE


If you do not have an external account, but do have a local account, you can still log in:

  1. Home
  2. MARC view: Leading edge marketing research :
Normal view MARC view ISBD view

Leading edge marketing research : (Record no. 117404)

[ view plain ]
MARC details
000 -LEADER
fixed length control field 00626nam a2200181Ia 4500
003 - CONTROL NUMBER IDENTIFIER
control field SISC
005 - DATE AND TIME OF LATEST TRANSACTION
control field 20170206100532.0
008 - FIXED-LENGTH DATA ELEMENTS--GENERAL INFORMATION
fixed length control field 140527s9999 xx 000 0 und d
020 ## - INTERNATIONAL STANDARD BOOK NUMBER
International Standard Book Number 9781412991315
050 ## - LIBRARY OF CONGRESS CALL NUMBER
Classification number HF 5415.2
Item number .L383 2012
100 ## - MAIN ENTRY--PERSONAL NAME
Personal name Kaden, Robert J.
245 ## - TITLE STATEMENT
Title Leading edge marketing research :
Remainder of title 21st-century tools and practices /
Statement of responsibility, etc Robert Kaden, Gerald Linda, Melvin Prince.
260 ## - PUBLICATION, DISTRIBUTION, ETC. (IMPRINT)
Place of publication, distribution, etc Thousand Oaks, Calif. :
Name of publisher, distributor, etc SAGE Publications,
Date of publication, distribution, etc 2012.
300 ## - PHYSICAL DESCRIPTION
Extent 483 pages :
Other physical details illustrations ;
Dimensions 23 cm.
500 ## - GENERAL NOTE
General note Includes bibliographical references and index.
942 ## - ADDED ENTRY ELEMENTS (KOHA)
Call number prefix Foreign
Koha item type Books
Source of classification or shelving scheme Library of Congress Classification
Holdings
Withdrawn status Lost status Source of classification or shelving scheme Damaged status Home library Current library Shelving location Date acquired Source of acquisition Cost, normal purchase price Total Checkouts Full call number Barcode Date last seen Price effective from Koha item type
Withdrawn   Library of Congress Classification   College Library College Library Reserve Section 05/28/2014 Donation 4764.00   HF 5415.2 .L383 2012 C18012 10/30/2014 05/28/2014 Books

Leading edge marketing research :

APA

Kaden R. J., . (2012). Leading edge marketing research. Thousand Oaks, Calif: SAGE Publications.

Chicago

Kaden Robert J, . 2012. Leading edge marketing research. Thousand Oaks, Calif: SAGE Publications.

Harvard

Kaden R. J., . (2012). Leading edge marketing research. Thousand Oaks, Calif: SAGE Publications.

MLA

Kaden Robert J, . Leading edge marketing research. Thousand Oaks, Calif: SAGE Publications. 2012.

  • Print
  • Cite
  • Add to your cart (remove)
  • Save record
    BIBTEX Dublin Core MARCXML MARC (non-Unicode/MARC-8) MARC (Unicode/UTF-8) MARC (Unicode/UTF-8, Standard) MODS (XML) RIS
  • More searches
    Search for this title in:
    Other Libraries (WorldCat) Other Databases (Google Scholar) Online Stores (Bookfinder.com) Open Library (openlibrary.org)

Exporting to Dublin Core...

SOUTHVILLE LIBRARY

Southville International School and Colleges Library

1281 Tropical Ave. Cor. Luxembourg St., BF Homes International, Las Pinas City

Tel. No. 8256374 / 252358 Loc. 117/146

Powered by Koha